00950cam a2200301 i 450000100090000000300040000900500170001300800410003001000170007102000250008802000150011304000280012804200080015605000210016410000280018524500990021325000120031226400290032430000150035333600210036833700250038933800230041450000910043750400510052865000300057965000160060970000230062518652920OSt20230203111216.0150610s2017 mau b 001 0 eng  a 2015021938 a9780134165776 (pbk.) a0134165772 aDLCbengcDLCerdadDLC apcc00aRC466b.H33 20171 aHackney, Harold,d1935-10aProfessional counseling :ba process guide to helping /cHarold L. Hackney & Janine M. Bernard a8th ed. 1aBoston :bPearson,c2017 axv, 296 p. atext2rdacontent aunmediated2rdamedia avolume2rdacarrier aRevision of: Professional counselor / Harold L. Hackney, Sherry Cormier. 2013. 7th ed. aIncludes bibliographical references and index. 0aMental health counseling. 0aCounseling.1 aBernard, Janine M.